| 000 | 00901nam a22002297a 4500 | ||
|---|---|---|---|
| 999 |
_c18174 _d18174 |
||
| 003 | AR-CdUCM | ||
| 008 | 190513b ||||| |||| 00| 0 spa d | ||
| 040 |
_aMUNICIPALIDAD PROVINCIAL DEL CUSCO _cBIBLIOTECA MUNICIPAL DEL CUSCO |
||
| 082 |
_a925 / _bM12 |
||
| 100 |
_aMacDonald, D.K.C. _938616 |
||
| 245 | _aFaraday, Maxwell y Kelvin / | ||
| 260 |
_aBuenos Aires : _bUniversitaria, _c1966. |
||
| 300 |
_a157 paginas ; _bIlustraciones, _c19 cm. |
||
| 440 |
_aEUDEBA ciencia joven _938617 |
||
| 505 | _aContenido : Michael Faraday -- Primeros años -- Primeras investigaciones sobre electricidad -- Genio científico y matrimonio -- James Clerk Maxwell -- Infancia en Escocia -- Teoría cinética... | ||
| 650 |
_aCientíficos _93270 |
||
| 650 |
_aLaboratorios _938618 |
||
| 650 |
_aFisica _92382 |
||
| 700 |
_aFabrican, Luis (Traducción) _938619 |
||
| 942 |
_2ddc _cLIBROS |
||
| 945 |
_awnts _d20190-13 |
||